|
|
|
|
| LEADER |
01373nam a22003974a 4500 |
| 001 |
EBC296280 |
| 003 |
MiAaPQ |
| 005 |
20200520144314.0 |
| 006 |
m o d | |
| 007 |
cr cn||||||||| |
| 008 |
051102s2006 njua sb 000 0 eng |
| 010 |
|
|
|z 2005056971
|
| 020 |
|
|
|z 9812565175
|
| 035 |
|
|
|a (MiAaPQ)EBC296280
|
| 035 |
|
|
|a (Au-PeEL)EBL296280
|
| 035 |
|
|
|a (CaPaEBR)ebr10173952
|
| 035 |
|
|
|a (CaONFJC)MIL137259
|
| 035 |
|
|
|a (OCoLC)476064801
|
| 040 |
|
|
|a MiAaPQ
|c MiAaPQ
|d MiAaPQ
|
| 050 |
|
4 |
|a HG4521
|b .W6267 2006
|
| 082 |
0 |
4 |
|a 332.6
|2 22
|
| 084 |
|
|
|a 85.30
|2 bcl
|
| 245 |
0 |
4 |
|a The world of risk management
|h [electronic resource] /
|c editor, H. Gifford Fong.
|
| 260 |
|
|
|a Hackensack, NJ ;
|a London :
|b World Scientific Pub.,
|c c2006.
|
| 300 |
|
|
|a xiv, 218 p. :
|b ill.
|
| 504 |
|
|
|a Includes bibliographical references.
|
| 533 |
|
|
|a Electronic reproduction. Ann Arbor, MI : ProQuest, 2015. Available via World Wide Web. Access may be limited to ProQuest affiliated libraries.
|
| 650 |
|
0 |
|a Investments.
|
| 650 |
|
0 |
|a Derivative securities.
|
| 650 |
|
0 |
|a Portfolio management.
|
| 650 |
|
0 |
|a Asset-liability management.
|
| 650 |
|
0 |
|a Risk management.
|
| 655 |
|
4 |
|a Electronic books.
|
| 700 |
1 |
|
|a Fong, H. Gifford.
|
| 710 |
2 |
|
|a ProQuest (Firm)
|
| 856 |
4 |
0 |
|u https://ebookcentral.proquest.com/lib/matrademy/detail.action?docID=296280
|z Click to View
|